[Event "ICS rated blitz match"]
[Site "207.99.83.227"]
[Date "1999.04.07"]
[Round "?"]
[White "WhiteHorse"]
[Black "Hossa"]
[Result "1-0"]
[WhiteElo "2430"]
[BlackElo "2580"]
[Annotator "Crafty v16.6"]
[PlyCount "130"]

{annotating for player Hossa using a scoring margin of +0.10 pawns. search
time limit is 20.00} 1. d4 1... Nf6 2. c3 e6 3. e3 d5 4. Bd3 Bd6 5. f4 c5 6.
Nf3 Nbd7 7. O-O Nb6 8. Ne5 c4 ({8:-0.48} 8... c4 9. Bc2 Bd7 10. Nxd7 Nfxd7 11.
Qg4 Qf6 12. Nd2 12... O-O-O $14) ({8:-0.35} 8... O-O 9. Nd2 cxd4 10. cxd4 Qe7
11. Ng4 Nfd7 12. Qe1 12... Nf6 $14) 9. Bc2 O-O ({8:-0.72} 9... O-O 10. Nd2 a6
11. Qe2 Qe7 12. Nef3 Bd7 13. Ng5 $16) ({8:-0.53} 9... Nfd7 10. Nd2 Nxe5 11.
fxe5 Be7 12. Qh5 g6 13. Qh6 13... Bd7 $14) 10. Nd2 Bd7 ({9:-0.72} 10... Bd7 11.
Nxd7 Qxd7 12. Qe2 Rad8 13. Rd1 Rfe8 14. Rb1 e5 15. dxe5 $16) ({9:-0.53} 10...
Qe7 11. Qe2 Rd8 12. Re1 Kf8 13. Ndf3 Ne4 14. Bd2 Nxd2 15. Qxd2 $14) 11. Rf3 Qe7
({9:-0.92} 11... Qe7 12. Rh3 h6 13. Nxd7 Qxd7 14. Qe2 Rad8 15. Rg3 Rfe8 16. Nf3
$16) ({9:-0.55} 11... Bxe5 12. fxe5 Ng4 13. Rg3 Nh6 14. Qh5 Nf5 15. Rh3 Nh6 16.
Rf3 $14) 12. Rh3 Kh8 ({8:-1.46} 12... Kh8 13. Bxh7 Be8 14. b3 cxb3 15. Bd3+ Kg8
16. axb3 Rc8 17. Rxa7 17... Rxc3 $16) ({8:-0.86} 12... h6 13. Nxd7 Nbxd7 14.
Qf3 b5 15. a3 Rad8 16. Rg3 16... a5 $16) 13. Bxh7 Be8 14. Bc2+ Kg8 15. Ndf3 Bb5
16. Ng5 Nbd7 ({8:-2.93} 16... Nbd7 17. Ngxf7 Nxe5 18. Nxd6 Nf3+ 19. Qxf3 Qxd6
20. Bg6 20... Rad8 $18) ({8:-1.81} 16... g6 17. Rh6 Be8 18. Qf3 Rb8 19. Qh3 Nh5
20. Ng4 $18) 17. Nh7 Rfe8 18. Ng5 Rf8 19. Qe1 g6 20. Qh4 Nh5 21. g4 Bxe5 ({
8:-5.92} 21... Bxe5 22. dxe5 Kg7 23. gxh5 Ba6 24. h6+ Kg8 25. Qg4 Nc5 26. Rh4
$18) ({8:-5.77} 21... Ndf6 22. gxh5 Nxh5 23. Bxg6 Bxe5 24. Bh7+ Kh8 25. dxe5
25... Ng7 $18) 22. dxe5 f6 ({8:-7.73} 22... f6 23. Bxg6 Nxe5 24. Qxh5 Nxg6 25.
Qxg6+ Qg7 26. Qxg7+ Kxg7 27. Nxe6+ Kg8 28. Nxf8 Rxf8 29. Kf2 $18) ({8:-5.92} 
22... Kg7 $18) 23. exf6 Rxf6 ({9:-6.33} 23... Rxf6 24. gxh5 Nf8 25. hxg6 Qg7
26. Nh7 Rxg6+ 27. Bxg6 Nxg6 28. Qg5 28... Re8 $18) ({9:-6.20} 23... Ndxf6 24.
Bxg6 Be8 25. gxh5 Qd7 26. Rg3 Kh8 27. Bxe8 Raxe8 28. h6 $18) 24. gxh5 Nf8 25.
hxg6 Qg7 26. Rg3 Nxg6 27. Bxg6 Rxg6 28. Nxe6 Rxg3+ ({10:-8.39} 28... Rxg3+ 29.
hxg3 Qd7 30. f5 Re8 31. Qg5+ Kh7 32. Qg6+ Kh8 33. Ng5 Rf8 34. Qh6+ Kg8 35. f6
Bc6 36. Bd2 $18) ({10:-6.91} 28... Rxe6 29. f5 Re4 30. Rxg7+ Kxg7 31. Qg5+ Kh7
32. Qg6+ Kh8 33. Qh6+ Kg8 34. f6 Rg4+ 35. Kf2 Rf8 36. h3 36... Re4 $18) 29.
Qxg3 Qxg3+ 30. hxg3 Rc8 ({10:-7.71} 30... Rc8 31. Nd4 Bd7 32. f5 Kf7 33. Kg2
Rg8 34. Kf3 Rg5 35. g4 $18) ({10:-7.56} 30... Bc6 31. Kf2 Kf7 32. Nd4 Re8 33.
g4 Re4 34. g5 Kg6 35. Ke2 $18) 31. Nd4 Bd7 32. Kf2 Bg4 33. Bd2 Rf8 34. Rh1 Rf7
35. Nf3 Re7 36. Rh4 Bf5 37. Ne5 Bb1 38. a3 Re6 39. g4 Rb6 40. Bc1 Re6 41. Kg3
Re7 42. Rh5 Be4 43. Rg5+ Kh7 44. Nf3 Kh8 45. Re5 Rd7 46. Ng5 Bd3 47. f5 Kg8 48.
f6 Bg6 49. Kf4 Rd6 50. f7+ Bxf7 51. Nxf7 Kxf7 52. Rf5+ Ke6 53. g5 Rd8 54. Rf6+
Kd7 55. g6 Re8 56. Kf5 a5 57. Rf7+ Kc6 58. g7 Rg8 59. Kg6 b5 60. Kh7 Re8 61.
g8=Q Rxg8 62. Kxg8 Kd6 63. Kg7 b4 64. axb4 axb4 65. Rb7 bxc3 1-0

[Event "ICS Rated blitz match"]
[Site "207.99.83.227"]
[Date "1999.04.07"]
[Round "?"]
[White "Hossa"]
[Black "WhiteHorse"]
[Result "1-0"]
[WhiteElo "2557"]
[BlackElo "2453"]
[PlyCount "83"]

1. e4 g6 2. Be2 Bg7 3. Nc3 e6 4. Nf3 d5 5. d4 Ne7 6. O-O dxe4 7. Nxe4 h6 8. Bf4
O-O 9. Be5 Nd5 10. Bxg7 Kxg7 11. h4 f5 12. Ned2 Nc6 13. Bb5 Bd7 14. Bxc6 Bxc6
15. Qe2 Qd6 16. Qe5+ Qxe5 17. Nxe5 Be8 18. Nb3 Kf6 19. Nc5 Ke7 20. c4 Nf6 21.
Nxb7 Rb8 22. Nc5 Rxb2 23. Rfe1 Rg8 24. Nxe6 Kd6 25. Nf4 g5 26. c5+ Ke7 27.
Ned3+ Kf7 28. Nxb2 gxf4 29. Nd3 Nh5 30. Ne5+ Kf6 31. Rab1 f3 32. g3 Nf4 33.
Nxf3 Bc6 34. Ne5 Be4 35. Rb4 Nh3+ 36. Kf1 Rd8 37. Ra4 Rd5 38. Ra6+ Kg7 39. Rd1
f4 40. Rxa7 fxg3 41. Rxc7+ Kg8 42. fxg3 {WhiteHorse resigns} 1-0

[Event "ICS rated blitz match"]
[Site "207.99.83.227"]
[Date "1999.04.07"]
[Round "?"]
[White "WhiteHorse"]
[Black "Hossa"]
[Result "0-1"]
[WhiteElo "2442"]
[BlackElo "2568"]
[PlyCount "148"]

1. d4 Nf6 2. c3 e6 3. e3 d5 4. Bd3 Nc6 5. f4 Be7 6. Nf3 Bd7 7. O-O O-O 8. Ne5
Rc8 9. Nd2 Bd6 10. Rf3 Ne7 11. Rh3 Nf5 12. Qe2 Qe7 13. g4 Rce8 14. gxf5 exf5
15. Ndf3 Bxe5 16. dxe5 Ne4 17. Bxe4 fxe4 18. Ng5 Bxh3 19. Nxh3 Qh4 20. Nf2 Re6
21. Bd2 Rh6 22. h3 Rg6+ 23. Kh1 Qg3 24. Ng4 Qxh3+ 25. Nh2 h6 26. Rg1 Rb6 27.
Bc1 Qf5 28. Qg2 Rg6 29. Qf2 Qh5 30. Rxg6 fxg6 31. Kg2 g5 32. Nf1 Qg4+ 33. Ng3
gxf4 34. exf4 a6 35. Qe2 Qd7 36. Be3 Qa4 37. b3 Qd7 38. f5 Qe7 39. Bf4 Qh4 40.
Be3 Re8 41. e6 Rf8 42. Qf2 Qg4 43. Qf4 Qd1 44. Qf2 c6 45. Qd2 Qf3+ 46. Kh2 Qg4
47. Qf2 h5 48. Qf4 Qd1 49. Qf1 Qxf1 50. Nxf1 Rxf5 51. e7 Kf7 52. Ng3 Rf3 53.
Bc5 Rxc3 54. Bd6 g6 55. Kg2 Rc2+ 56. Kh3 Rxa2 57. Kh4 Rb2 58. Kg5 Rxb3 59. Ne2
Rb1 60. Nd4 Rg1+ 61. Kh6 e3 62. Nf3 e2 63. Bb4 Rf1 64. Ng5+ Ke8 65. Ne6 e1=Q
66. Ng7+ Kf7 67. Bxe1 Rxe1 68. Kh7 Rxe7 69. Kh8 Kf6 70. Kh7 Rxg7+ 71. Kh8 Re7
72. Kg8 Re8+ 73. Kh7 Rf8 74. Kh6 74... Rh8# {WhiteHorse checkmated} 0-1

[Event "ICS Rated blitz match"]
[Site "207.99.83.227"]
[Date "1999.04.07"]
[Round "?"]
[White "Hossa"]
[Black "WhiteHorse"]
[Result "1-0"]
[WhiteElo "2578"]
[BlackElo "2432"]
[PlyCount "106"]

1. e4 g6 2. Be2 Bg7 3. Nc3 d6 4. Nf3 Nc6 5. O-O e5 6. Ne1 f5 7. d3 f4 8. Bd2
Nf6 9. a3 O-O 10. Nf3 Bg4 11. Ng5 Bxe2 12. Qxe2 Nd4 13. Qd1 h6 14. Nf3 Nxf3+
15. Qxf3 c5 16. Rae1 h5 17. Qh3 Kh7 18. Nd5 Nxd5 19. exd5 Bh6 20. Re4 Qf6 21.
b4 b6 22. bxc5 bxc5 23. Rb1 Rf7 24. Bc3 Rg8 25. Qf3 g5 26. Qxh5 g4 27. h3 gxh3
28. Qxh3 Rfg7 29. Be1 Rxg2+ 30. Qxg2 Rxg2+ 31. Kxg2 Qg7+ 32. Kf3 Qf7 33. c4
Qh5+ 34. Kg2 Qg4+ 35. Kf1 Qh3+ 36. Ke2 Qh5+ 37. f3 Qf7 38. a4 Qd7 39. a5 Bg5
40. a6 Qh3 41. Rb7+ Kg6 42. Bd2 Qh2+ 43. Kd1 Qg1+ 44. Re1 Qf2 45. Rd7 Qxf3+ 46.
Kc2 Qg4 47. Rxd6+ Bf6 48. Rxe5 Kf7 49. Ree6 Bg7 50. Rd7+ Kg8 51. Re8+ Kh7 52.
Ree7 f3 53. Rxg7+ 53... Qxg7 {WhiteHorse resigns} 1-0

[Event "ICS Rated blitz match"]
[Site "207.99.83.227"]
[Date "1999.04.07"]
[Round "?"]
[White "WhiteHorse"]
[Black "Hossa"]
[Result "0-1"]
[WhiteElo "2422"]
[BlackElo "2588"]
[PlyCount "125"]

1. d4 Nf6 2. e3 e6 3. c3 d5 4. f4 Bd6 5. Bd3 O-O 6. Nd2 b6 7. Ngf3 Ba6 8. Bxa6
Nxa6 9. O-O c5 10. Ne5 Qe8 11. Rf3 Rc8 12. Rh3 cxd4 13. exd4 Nb8 14. Qe1 Qa4
15. Ndf3 Ne4 16. Nd2 Qc2 17. Nxe4 Qxe4 18. Qxe4 dxe4 19. Ng4 Nd7 20. Nf2 Nf6
21. g4 Rfd8 22. Be3 Nd5 23. Nxe4 Nxf4 24. Bxf4 Bxf4 25. Rf3 e5 26. Raf1 Rc4 27.
dxe5 Bxe5 28. Nf2 Rd2 29. Rd3 Rxd3 30. Nxd3 Rxg4+ 31. Kh1 Re4 32. Nxe5 Rxe5 33.
Rf2 f5 34. h3 Re1+ 35. Kg2 g6 36. Rd2 Kf7 37. Kf2 Rb1 38. Ke3 Ke7 39. Kf4 Rh1
40. Kg3 Re1 41. Kf2 Ra1 42. a3 Rh1 43. Kg2 Re1 44. Kf2 Ra1 45. Kg2 a5 46. Kf2
Rh1 47. Kg2 Re1 48. Kf2 Re5 49. Kf3 g5 50. h4 gxh4 51. Kf4 Kf6 52. Rd6+ Re6 53.
Rd2 Re4+ 54. Kf3 h5 55. Rd6+ Re6 56. Rd4 Kg5 57. Rd2 Re1 58. Rf2 f4 59. Rg2+
Kf5 60. Rh2 Re3+ 61. Kf2 Kg4 62. Rg2+ Rg3 63. Rh2 {WhiteHorse resigns} 0-1

[Event "ICS rated blitz match"]
[Site "207.99.83.227"]
[Date "1999.04.07"]
[Round "?"]
[White "Lampie"]
[Black "Hossa"]
[Result "1-0"]
[WhiteElo "2433"]
[BlackElo "2597"]
[Annotator "Crafty v16.6"]
[PlyCount "97"]

{annotating for player Hossa using a scoring margin of +0.10 pawns. search
time limit is 20.00} 1. e4 1... d6 2. Nf3 Nf6 3. d3 e5 ({9:-0.67} 3... e5 4.
Be2 Be7 5. O-O Nc6 6. Nbd2 Be6 7. Ng5 7... Nd4 $14) ({9:-0.41} 3... d5 4. e5
Ng4 5. h3 Nh6 6. Bxh6 gxh6 7. Nc3 Bf5 8. Be2 $14) 4. g3 Be7 5. Bg2 Bg4 6. h3
Bxf3 7. Qxf3 Nc6 8. c3 Qd7 9. h4 O-O ({8:-0.38} 9... O-O 10. h5 Qg4 11. h6 Qxf3
12. Bxf3 g6 13. c4 13... Nd4 $14) ({8:-0.14} 9... Qg4 10. Qxg4 Nxg4 11. Na3 O-O
12. f3 Nf6 13. c4 13... Nd4 $10) 10. Bh3 Qe8 ({10:-0.74} 10... Qe8 11. h5 h6
12. Be3 b5 13. Bf5 Bd8 14. Nd2 Ne7 15. Bh3 $16) ({10:-0.56} 10... Qd8 11. h5 h6
12. Bg2 b5 13. Be3 a5 14. Nd2 Qd7 15. O-O-O $14) 11. g4 Nd7 ({8:-0.80} 11...
Nd7 12. h5 h6 13. Na3 Rc8 14. c4 Nd4 15. Qe3 $16) ({8:-0.60} 11... Qd8 12. h5
d5 13. h6 dxe4 14. dxe4 g6 15. g5 15... Nd7 $14) 12. g5 Nc5 13. b4 Ne6 14. Be3
a5 ({7:-0.76} 14... a5 15. b5 Ncd8 16. c4 Nc5 17. Bxc5 dxc5 18. Qf5 $16) ({
7:-0.39} 14... Ncd8 15. a3 a5 16. bxa5 Rxa5 17. c4 Nd4 18. Qh5 $14) 15. b5 Ncd8
16. a4 f6 ({9:-0.71} 16... f6 17. Qg2 Nf4 18. Bxf4 exf4 19. c4 c6 20. b6 d5 21.
cxd5 cxd5 22. exd5 $16) ({9:-0.57} 16... c6 17. b6 Nc5 18. Bxc5 dxc5 19. c4 Ra6
20. Qf5 Rxb6 21. Qxe5 $14) 17. Qg4 fxg5 18. hxg5 Nf4 ({9:-0.64} 18... Nf4 19.
Bxf4 exf4 20. Nd2 d5 21. f3 Qg6 22. Qd7 Qxg5 23. Qxc7 $14) ({9:-0.44} 18... Qg6
19. Qe2 Nxg5 20. Bf5 Rxf5 21. exf5 Qxf5 22. Bxg5 Bxg5 23. Nd2 $14) 19. Bf1 Nde6
({9:-0.11} 19... Nde6 20. Bxf4 Nxf4 21. Nd2 Qg6 22. Rg1 Qe6 23. c4 Qxg4 24.
Rxg4 24... Rad8 $10) ({9:+0.12} 19... Qg6 20. Qd7 Bxg5 21. Qxc7 Ng2+ 22. Bxg2
Bxe3 23. Qc4+ Kh8 24. fxe3 24... Qxg2 $10) 20. d4 Nxg5 21. Nd2 Qc8 ({7:+0.13} 
21... Qc8 22. Bc4+ Kh8 23. Qg3 Qd7 24. d5 Rad8 25. Qh4 $10) ({7:+0.29} 21... h5
22. Qg3 Nge6 23. Bc4 Qf7 24. Nf3 24... Qf6 $10) 22. Bc4+ Kh8 23. Qg3 c6 24. b6
Nge6 ({8:-0.10} 24... Nge6 25. dxe5 dxe5 26. Nf3 Bf6 27. O-O-O Qe8 28. Qg4 Rd8
29. Rxd8 29... Nxd8 $10) ({8:+0.70} 24... c5 25. d5 Qd8 26. Rb1 Qe8 27. Bb5 Qd8
28. Bc4 $15) 25. dxe5 dxe5 26. O-O-O Ng5 27. Rh4 Ngh3 28. Rg4 g5 29. Rh1 h5 30.
Rxf4 Nxf4 31. Bxf4 Rxf4 32. Rxh5+ Kg7 33. Rxg5+ Bxg5 34. Qxg5+ Kf8 35. Qh6+ Ke7
36. Qg7+ Kd8 37. Qh8+ Kd7 38. Qxe5 Qb8 39. Qg7+ Ke8 40. e5 Rxf2 41. Ne4 Rf3 42.
Nd6+ Kd8 43. Be6 Rf1+ 44. Kb2 Qxd6 45. exd6 Rf2+ 46. Kb3 Rb2+ 47. Ka3 Ra2+ 48.
Kxa2 Rb8 49. Qe7# 1-0

[Event "ICS rated blitz match"]
[Site "207.99.83.227"]
[Date "1999.04.07"]
[Round "?"]
[White "Hossa"]
[Black "Lampie"]
[Result "0-1"]
[WhiteElo "2579"]
[BlackElo "2551"]
[Annotator "Crafty v16.6"]
[PlyCount "152"]

{annotating for player Hossa using a scoring margin of +0.10 pawns. search
time limit is 20.00} 1. e4 1... c5 2. Bc4 e6 3. Nc3 Nc6 4. Nf3 a6 5. d4 cxd4 6.
Nxd4 b5 7. Nxc6 dxc6 8. Qxd8+ Kxd8 9. Bb3 ({9:+0.57} 9. Bb3 9... c5 10. a3 b4
11. axb4 cxb4 12. Na4 Nf6 13. Nb6 13... Rb8 $14) ({9:+0.78} 9. Be2 9... Nf6 10.
Bg5 Ke8 11. O-O-O Bb4 12. Bd2 Kf8 13. Bf3 $16) 9... c5 10. a3 c4 11. Ba2 Bc5
12. O-O Ne7 13. Bf4 ({9:+0.36} 13. Bf4 13... Ng6 14. Bg3 Ke7 15. a4 b4 16. Ne2
Bb7 17. Bxc4 17... Bxe4 $14) ({9:+0.69} 13. Rd1+ 13... Ke8 14. Bf4 Bb7 15. Be5
Rg8 16. Bc7 Rc8 17. Bd6 17... Kf8 $14) 13... Nc6 14. a4 b4 15. Nd1 Na5 16. Be3
({8:+0.37} 16. Be3 16... Bxe3 17. Nxe3 Bb7 18. e5 b3 19. cxb3 cxb3 20. Rad1+
Ke8 21. Bb1 $14) ({8:+0.54} 16. Ne3 16... Bb7 17. Nxc4 Nxc4 18. Bxc4 Bxe4 19.
c3 Ke8 20. Rad1 $14) 16... Bxe3 17. Nxe3 b3 18. cxb3 cxb3 19. Bb1 Bd7 20. Rd1 (
{10:-0.05} 20. Rd1 20... Ke7 21. e5 Rhd8 22. Rd4 Nc6 23. Rh4 h6 24. Be4 24...
Kf8 $10) ({10:+0.40} 20. Rc1 20... Ke7 21. Rc5 Nc6 22. Ra3 Rhb8 23. e5 Kf8 24.
Be4 24... Rb6 $14) 20... Ke7 21. Bd3 Rhd8 22. e5 ({9:-0.24} 22. e5 22... Bc6
23. Bf1 Rxd1 24. Rxd1 f6 25. exf6+ gxf6 26. Rd4 e5 27. Rh4 Kd6 28. Rxh7 28...
Bxa4 $10) ({9:-0.04} 22. Rdc1 22... Kf8 23. Be2 Nc6 24. Rd1 Be8 25. Rxd8 Nxd8
26. Ra3 Bc6 27. Rxb3 27... Bxe4 $10) 22... Be8 23. Bxh7 ({9:-0.74} 23. Bxh7
23... g6 24. Re1 Rd4 25. Rec1 Bxa4 26. Rc5 Nb7 27. Rc7+ 27... Rd7 $17) ({
9:-0.26} 23. Bf1 23... Rxd1 24. Rxd1 h6 25. Rc1 Nc6 26. Rc5 a5 27. Bc4 27...
Nd4 $10) 23... g6 24. h4 ({9:-1.37} 24. h4 24... Kf8 25. Rdc1 Rac8 26. Ng4
Rxc1+ 27. Rxc1 Bxa4 28. Rc5 Bb5 29. Nf6 $17) ({9:-0.71} 24. Re1 24... Rac8 25.
Ng4 Bc6 26. Re3 Rd4 27. Nf6 Rxa4 28. Rd1 $17) 24... Kf8 25. Rdc1 Kg7 26. Bxg6 (
{10:-1.85} 26. Bxg6 26... fxg6 27. Rc7+ Kf8 28. Rc5 Nc6 29. Rc3 Nxe5 30. Rxb3
Rab8 31. Rxb8 31... Rxb8 $19) ({10:-1.58} 26. Rc5 26... Nc6 27. Ng4 Nb4 28.
Bxg6 Kxg6 29. Rc4 Nd3 30. Rb1 30... Rac8 $19) 26... fxg6 27. Rc5 Nc6 28. Rac1
Rac8 29. R1c3 Ne7 30. Rc7 ({10:-2.26} 30. Rc7 30... Rxc7 31. Rxc7 Kf7 32. Ra7
Bxa4 33. Rxa6 Rd4 34. g3 Nc6 35. f4 $19) ({10:-1.71} 30. Rxc8 30... Rxc8 31.
Rxb3 Bxa4 32. Rd3 Rb8 33. Rd6 Rxb2 34. Rxe6 Rb1+ 35. Kh2 35... Nc6 $19) 30...
Rxc7 31. Rxc7 Rd7 32. Rc3 Rb7 33. Rd3 Bxa4 34. Rd6 Nf5 35. Nxf5+ exf5 36. Rxa6
Bb5 37. Ra3 Bc4 38. f4 Rd7 39. Ra4 Be6 40. Ra6 Kf7 41. Rb6 Rd1+ 42. Kh2 Rd2 43.
Rb7+ Ke8 44. Rb8+ Kd7 45. Rb7+ Kc8 46. Rb6 Bd5 47. Rd6 Rxg2+ 48. Kh3 Bb7 49. e6
Rxb2 50. e7 Re2 51. Rd8+ Kc7 52. e8=Q Rxe8 53. Rxe8 b2 54. Re7+ Kb6 55. Re6+
Kc5 56. Re5+ Kc4 57. Re1 Be4 58. h5 gxh5 59. Kh4 b1=Q 60. Rxb1 Bxb1 61. Kg5 Kd4
62. Kh4 Ke3 63. Kg5 Kf3 64. Kg6 Kxf4 65. Kf7 h4 66. Ke6 h3 67. Kf6 h2 68. Ke6
h1=Q 69. Ke7 Qh6 70. Kd7 Qf6 71. Kc7 Qe6 72. Kb7 Qd6 73. Kc8 Qe7 74. Kb8 Qd7
75. Ka8 Be4+ 76. Kb8 Qb7# 0-1

[Event "ICS rated blitz match"]
[Site "207.99.83.227"]
[Date "1999.04.07"]
[Round "?"]
[White "Lampie"]
[Black "Hossa"]
[Result "0-1"]
[WhiteElo "2542"]
[BlackElo "2562"]
[PlyCount "60"]

1. e4 d6 2. d4 Nf6 3. Nc3 g6 4. Bg5 Bg7 5. Qd2 Bg4 6. f3 Bd7 7. g4 h6 8. Be3 e5
9. Nge2 exd4 10. Nxd4 Nc6 11. O-O-O g5 12. h4 gxh4 13. Nf5 Bxf5 14. gxf5 Nh5
15. Nd5 Ng3 16. Rg1 Ne5 17. Qf2 c6 18. Nc3 Rg8 19. Bh3 Nc4 20. Bd4 Bxd4 21.
Qxd4 Ne5 22. Qf2 Qb6 23. Qxb6 axb6 24. f4 Ng4 25. Rxd6 Nf2 26. Bg2 h3 27. Bf3
h2 28. Re1 h5 29. e5 Nxf5 30. Rd2 30... Rg1 {Lampie resigns} 0-1

[Event "ICS rated blitz match"]
[Site "207.99.83.227"]
[Date "1999.04.07"]
[Round "?"]
[White "Hossa"]
[Black "WhiteHorse"]
[Result "1/2-1/2"]
[WhiteElo "2577"]
[BlackElo "2413"]
[PlyCount "135"]

1. e4 g6 2. Be2 Bg7 3. Nc3 d6 4. Nf3 e5 5. O-O c5 6. d3 Nc6 7. Bg5 f6 8. Be3
Nge7 9. Nd2 f5 10. Bg5 Be6 11. exf5 Bxf5 12. Nde4 O-O 13. Nb5 Bxe4 14. dxe4 Nd4
15. Nxd4 cxd4 16. Bc4+ Kh8 17. Qd3 Qd7 18. Bxe7 Qxe7 19. Bd5 Rac8 20. Rad1 Qc7
21. Be6 Rce8 22. Bb3 a6 23. Bd5 Rc8 24. Be6 Rce8 25. Bb3 Rc8 26. Kh1 Rce8 27.
Bd5 Rc8 28. Be6 Rce8 29. Qc4 Qxc4 30. Bxc4 Rc8 31. Bb3 b5 32. Rd2 Rc7 33. Rfd1
a5 34. a3 Bh6 35. Re2 Rfc8 36. Rde1 a4 37. Be6 Re8 38. Bg4 Bg5 39. Rd1 h5 40.
Bh3 Bh6 41. Kg1 Rf7 42. c3 Bg7 43. Rd3 Rfe7 44. f3 Kh7 45. g3 Kh6 46. Kf2 Rf7
47. Red2 g5 48. Kg2 Ref8 49. Be6 Re7 50. Bd5 Rc7 51. Rc2 Rfc8 52. Kh3 Rb8 53.
Rg2 Rbc8 54. cxd4 exd4 55. Rgd2 Rc2 56. f4 g4+ 57. Kg2 Rc1 58. f5 Rb1 59. b3
Rcc1 60. h4 Rg1+ 61. Kf2 Rbf1+ 62. Ke2 Be5 63. bxa4 bxa4 64. Bc6 Re1+ 65. Kf2
Rgf1+ 66. Kg2 Rg1+ 67. Kf2 Rgf1+ 68. Kg2 {Game drawn by mutual agreement}
1/2-1/2

[Event "ICS rated blitz match"]
[Site "207.99.83.227"]
[Date "1999.04.07"]
[Round "?"]
[White "WhiteHorse"]
[Black "Hossa"]
[Result "1-0"]
[WhiteElo "2420"]
[BlackElo "2570"]
[PlyCount "56"]

1. d4 Nf6 2. c3 d5 3. e3 e6 4. Bd3 Be7 5. f4 c5 6. Nf3 c4 7. Bc2 Nc6 8. Nbd2
Ng4 9. Qe2 Bh4+ 10. g3 Be7 11. O-O O-O 12. h3 Nf6 13. Kh2 Bd6 14. Rg1 Bd7 15.
Ne5 Qe7 16. g4 Rad8 17. Nf1 Ne8 18. g5 f6 19. Bxh7+ Kh8 20. Ng6+ Kxh7 21. Qh5+
Kg8 22. Nxe7+ Nxe7 23. g6 Nxg6 24. Qxg6 Rf7 25. Ng3 e5 26. Bd2 exd4 27. exd4
Re7 28. Rae1 28... Be6 {Hossa resigns} 1-0

[Event "ICS rated blitz match"]
[Site "207.99.83.227"]
[Date "1999.04.07"]
[Round "?"]
[White "Hossa"]
[Black "WhiteHorse"]
[Result "1-0"]
[WhiteElo "2547"]
[BlackElo "2443"]
[PlyCount "91"]

1. e4 g6 2. Be2 Bg7 3. Nc3 d6 4. Nf3 e5 5. O-O c5 6. d3 h6 7. Be3 Nc6 8. Nd2 f5
9. exf5 Bxf5 10. Nde4 Nf6 11. Rb1 O-O 12. Bf3 Nxe4 13. dxe4 Be6 14. Bg4 Bxg4
15. Qxg4 Kh7 16. Rbd1 Nd4 17. Bxd4 cxd4 18. Nd5 Rc8 19. c3 Qa5 20. Ne7 Rcd8 21.
Qxg6+ Kh8 22. cxd4 Qxa2 23. dxe5 dxe5 24. Nf5 Qg8 25. Nxh6 Bxh6 26. Qxh6+ Qh7
27. Qxh7+ Kxh7 28. Rd5 Rxd5 29. exd5 Kg6 30. d6 Rd8 31. Rd1 Kf5 32. f3 Ke6 33.
g4 b5 34. h4 Rd7 35. b4 a5 36. bxa5 b4 37. Rb1 Rxd6 38. Rxb4 Kd5 39. Rb6 Rd7
40. g5 Kd4 41. g6 Ke3 42. Kg2 Kf4 43. Rf6+ Ke3 44. a6 Rd2+ 45. Kh3 Ra2 46. g7 {
WhiteHorse resigns} 1-0

[Event "ICS rated blitz match"]
[Site "207.99.83.227"]
[Date "1999.04.07"]
[Round "?"]
[White "WhiteHorse"]
[Black "Hossa"]
[Result "1-0"]
[WhiteElo "2432"]
[BlackElo "2558"]
[Annotator "Crafty v16.6"]
[PlyCount "53"]

{annotating for player Hossa using a scoring margin of +0.10 pawns. search
time limit is 20.00} 1. d4 1... Nf6 2. c3 e6 3. e3 d5 4. Bd3 Bd6 5. f4 c5 6.
Nf3 c4 ({7:-0.32} 6... c4 7. Bc2 Nc6 8. Ne5 Ne7 9. Ba4+ Bd7 10. Nxd7 10... Nxd7
$14) ({7:+0.04} 6... Nbd7 7. O-O c4 8. Bc2 Ne4 9. Nbd2 Ndf6 10. Nxe4 10... Nxe4
$10) 7. Bc2 Nc6 8. Nbd2 Bd7 ({9:-0.48} 8... Bd7 9. Ne5 h6 10. Qf3 Qc7 11. Nxd7
Nxd7 12. Qg4 g5 13. Nf3 gxf4 14. exf4 $14) ({9:-0.19} 8... Ng4 9. Nf1 Bd7 10.
h3 Nf6 11. Ne5 Ne4 12. Nxc4 Qh4+ 13. g3 $10) 9. O-O O-O ({8:-0.77} 9... O-O 10.
Ne5 Be8 11. Ng4 Nxg4 12. Qxg4 e5 13. Qh5 exd4 14. Qxh7# $16) ({8:-0.39} 9...
Ng4 10. Qe2 Qe7 11. Ne5 Ngxe5 12. fxe5 Bc7 13. Qh5 13... Bb6 $14) 10. Ne5 Qe7 (
{8:-0.82} 10... Qe7 11. Nxd7 Qxd7 12. g4 h6 13. Qf3 Rad8 14. Re1 14... Rfe8 $16
) ({8:-0.62} 10... Bc8 11. Qe2 Qe7 12. Re1 Rb8 13. Nxc6 bxc6 14. b4 cxb3 15.
axb3 $14) 11. Rf3 Rae8 ({9:-0.83} 11... Rae8 12. Rh3 h6 13. Nxd7 Qxd7 14. Qf3
b5 15. a3 a5 16. Rg3 $16) ({9:-0.51} 11... Bxe5 12. fxe5 Ng4 13. Rg3 Nh6 14. e4
Qh4 15. Nf3 Qh5 16. Rg5 $14) 12. Rh3 h6 13. g4 Rd8 14. Qf3 Rde8 ({8:-1.44} 
14... Rde8 15. g5 Bxe5 16. dxe5 Nh7 17. gxh6 g6 18. e4 18... g5 $16) ({8:-0.47
} 14... Bxe5 $14) 15. Qg3 Bc7 16. g5 hxg5 ({8:-5.54} 16... hxg5 17. fxg5 Nxe5
18. gxf6 Nf3+ 19. Qxf3 Bxh2+ 20. Kxh2 Qxf6 21. Qxf6 gxf6 22. Rh7 $18) ({8:-2.69
} 16... Bxe5 17. dxe5 Ne4 18. Nxe4 dxe4 19. gxh6 g6 20. Bxe4 Kh7 21. Qg4 21...
Rd8 $18) 17. fxg5 Bxe5 18. dxe5 Nh5 19. Rxh5 g6 20. Rh6 Kg7 21. e4 Qc5+ ({
7:-4.62} 21... Qc5+ 22. Kf1 Rh8 23. Qf4 Rxh6 24. gxh6+ Kf8 25. h7 Kg7 26. exd5
26... exd5 $18) ({7:-4.30} 21... b5 22. Nf3 Rh8 23. Rxh8 Kxh8 24. exd5 exd5 25.
Qh4+ Kg8 26. Bf4 $18) 22. Kg2 Kg8 ({7:-Mat05} 22... Kg8 23. Qh4 Qg1+ 24. Kxg1
Kg7 25. Rh7+ Kg8 26. Rh8+ Kg7 27. Qh7# $18) ({7:-4.21} 22... dxe4 23. Nxe4 Qxe5
24. Nf6 Rh8 25. Nxe8+ Rxe8 26. Qg4 26... b5 $18) 23. Qh4 Qf2+ 24. Kxf2 Kg7 25.
Rh7+ Kg8 26. Rh8+ Kg7 27. Qh6# 1-0

[Event "ICS rated blitz match"]
[Site "207.99.83.227"]
[Date "1999.04.07"]
[Round "?"]
[White "Hossa"]
[Black "matar"]
[Result "0-1"]
[WhiteElo "2536"]
[BlackElo "2324"]
[Annotator "Crafty v16.6"]
[PlyCount "75"]

{annotating for player Hossa using a scoring margin of +0.10 pawns. search
time limit is 20.00} 1. e4 1... c5 2. Bc4 e6 3. Nc3 Nc6 4. Nf3 Nf6 5. O-O d5 6.
exd5 exd5 7. Bb5 Bd6 8. Re1+ Be6 9. Ng5 O-O 10. Bxc6 bxc6 11. Nxe6 fxe6 12.
Rxe6 Qd7 13. Re2 Ng4 14. h3 Nh2 15. d3 Nf3+ 16. gxf3 Qxh3 17. f4 Rf6 18. Re3
Rg6+ 19. Rg3 Rxg3+ 20. fxg3 Qxg3+ 21. Kf1 Rf8 22. Qe1 ({8:+0.00} 22. Qe1 22...
Qh3+ 23. Kg1 Qg4+ 24. Kh1 Qh3+ 25. Kg1 $10) ({8:+0.76} 22. Ne2 22... Qh3+ 23.
Kg1 Qg4+ 24. Kf2 Qh4+ 25. Ng3 Bxf4 26. Bxf4 Qxf4+ 27. Kg2 27... g5 $16) 22...
Qh3+ 23. Kg1 Rf6 24. Qe8+ Bf8 25. Nxd5 ({8:-4.35} 25. Nxd5 25... cxd5 26. Kf2
Re6 27. Qxe6+ Qxe6 28. Be3 Kf7 29. Re1 $19) ({8:-1.67} 25. f5 $19) 25... cxd5
26. Kf2 Rg6 27. Qxg6 hxg6 28. c4 d4 29. Ke2 Qg2+ 30. Kd1 Be7 31. b3 Bh4 32. b4
cxb4 33. Rb1 a5 34. Bd2 g5 35. fxg5 Bxg5 36. Bxg5 Qxg5 37. Rc1 Qe3 38. Kc2 0-1